| 000 | 01413cjm a22003017a 4500 | ||
|---|---|---|---|
| 001 | 5713488 | ||
| 005 | 20200421093825.0 | ||
| 007 | sduzunznnmlneu | ||
| 008 | 940713s1993 enkuun eng | ||
| 010 | _a 94754638 | ||
| 028 | 0 | 0 |
_aCD BM 31 _bCharly R&B |
| 035 | _a(OCoLC)30759253 | ||
| 040 |
_aDLC _cDLC _dDLC |
||
| 050 | 0 | 0 | _aCharly R&B CD BM 31 |
| 245 | 0 | 0 |
_aEmpress of the blues _h[sound recording]. |
| 260 |
_aLondon : _bCharly R&B, _cp1993. |
||
| 300 |
_a1 sound disc : _bdigital ; _c4 3/4 in. |
||
| 490 | 0 |
_aCharly blues masterworks ; _vvol. 31 |
|
| 500 | _aBrief record. | ||
| 505 | 0 | _aDown hearted blues -- Gulf Coast blues -- Aggravatin' papa -- Baby won't you please come home -- T'ain't nobody's bizness if I do -- Whoa, Tillie, take your time -- My sweetie went away -- Any woman's blues -- House rent blues -- Weeping willow blues -- Sinful blues -- St. Louis blues -- Reckless blues -- Careless love blues -- I ain't gonna play no second fiddle -- I ain't got nobody -- Empty bed blues (parts 1&2) -- Nobody knows you when you're down and out -- Do your duty -- Gimme a pig foot. | |
| 511 | 0 | _aBessie Smith, vocals, with various accompaniments. | |
| 650 | 0 |
_aBlues (Music) _yTo 1931. _9967 |
|
| 650 | 0 |
_aBlues (Music) _y1931-1940. _9968 |
|
| 700 | 1 |
_aSmith, Bessie, _d1894-1937. _4prf _9969 |
|
| 906 |
_a7 _bcbc _corignew _d3 _encip _f19 _gy-genmusic |
||
| 942 |
_2ddc _cMU |
||
| 999 |
_c286 _d286 |
||